[Event "UGA olympic qual (Women)"]
[Site "Kampala"]
[Date "2022.03.12"]
[Round "5"]
[White "Angolikin, Goretti"]
[Black "Ampaire, Shakira"]
[Result "1/2-1/2"]
[WhiteElo "1623"]
[BlackElo "1695"]
[PlyCount "40"]
[EventDate "2022.03.05"]
[EventType "tourn"]
[EventRounds "13"]
[EventCountry "UGA"]
[SourceTitle "EXT 2023"]
[Source "ChessBase"]
[SourceDate "2022.10.05"]
[SourceVersion "1"]
[SourceVersionDate "2022.10.05"]
[SourceQuality "1"]

1. e4 c5 2. Nc3 Nc6 3. f4 e6 4. Nf3 d5 5. Bb5 dxe4 6. Bxc6+ bxc6 7. Nxe4 Nf6 8. Qe2 Nxe4 9. Qxe4 Qd5 10. Qe2 Bd6 11. d3 0-0 12. 0-0 Ba6 13. b3 Qf5 14. Ne5 Bxe5 15. fxe5 Qg6 16. Ba3 Rfd8 17. Bxc5 Qg5 18. Ba3 Rd4 19. Bb2 Rad8 20. Rf3 R4d7 1/2-1/2

[Event "UGA olympic qual (Women)"]
[Site "Kampala"]
[Date "2022.03.06"]
[Round "3"]
[White "Angolikin, Goretti"]
[Black "Hannah Zion, Mawejje"]
[Result "1-0"]
[WhiteElo "1623"]
[BlackElo "1301"]
[PlyCount "113"]
[EventDate "2022.03.05"]
[EventType "tourn"]
[EventRounds "13"]
[EventCountry "UGA"]
[SourceTitle "EXT 2023"]
[Source "ChessBase"]
[SourceDate "2022.10.05"]
[SourceVersion "1"]
[SourceVersionDate "2022.10.05"]
[SourceQuality "1"]

1. e4 e5 2. Nf3 Nc6 3. d4 exd4 4. Bc4 Bc5 5. c3 d3 6. Qxd3 d6 7. 0-0 Nf6 8. Bg5 h6 9. Bh4 g5 10. Bg3 Nh5 11. Nd4 Ne5 12. Bxe5 dxe5 13. Ne2 Qxd3 14. Bxd3 Bg4 15. Kh1 Nf6 16. f3 Bh5 17. b4 Be3 18. Na3 Rd8 19. Rad1 Nd7 20. Nc4 Bb6 21. a4 a6 22. Nxb6 Nxb6 23. a5 Na4 24. Bc2 Nb2 25. Rxd8+ Kxd8 26. Bb3 Ke7 27. Kg1 Rd8 28. Rb1 Nd3 29. Kf1 Nf4 30. Nxf4 gxf4 31. Ke2 Rg8 32. Kf2 Rd8 33. Rb2 Rd3 34. c4 f6 35. Ke2 Re3+ 36. Kf2 Bf7 37. Ba2 Rc3 38. g3 fxg3+ 39. Kxg3 Bxc4 40. Bxc4 Rxc4 41. Kg4 Kf7 42. h4 Kg6 43. h5+ Kf7 44. b5 Ke6 45. bxa6 bxa6 46. Rb8 Kf7 47. Rd8 Rd4 48. Rh8 Kg7 49. Rc8 Rc4 50. Rd8 Rd4 51. Rc8 Rd7 52. Ra8 Rd6 53. Rc8 Rc6 54. Rd8 Rd6 55. Rc8 c6 56. Rc7+ Kf8 57. Kf5 1-0

[Event "UGA-chT 2122"]
[Site "Kampala"]
[Date "2021.12.12"]
[Round "7.5"]
[White "Angolikin, Goretti"]
[Black "Nabacwa, Allen Kyolaba"]
[Result "0-1"]
[WhiteElo "1633"]
[BlackElo "1413"]
[PlyCount "80"]
[EventDate "2021.10.24"]
[EventType "team-swiss"]
[EventRounds "14"]
[EventCountry "UGA"]
[SourceTitle "EXT 2023"]
[Source "ChessBase"]
[SourceDate "2022.10.05"]
[SourceVersion "1"]
[SourceVersionDate "2022.10.05"]
[SourceQuality "1"]
[WhiteTeam "Mulago Kings"]
[BlackTeam "MUK CC"]
[WhiteTeamCountry "UGA"]
[BlackTeamCountry "UGA"]

1. e4 c5 2. Nc3 g6 3. f4 Bg7 4. Nf3 Nc6 5. Bc4 e6 6. a3 Nge7 7. 0-0 0-0 8. d3 a6 9. Ba2 b5 10. Ne2 d5 11. e5 Bb7 12. Qe1 Qb6 13. Kh1 Rad8 14. Bd2 h5 15. Qh4 Nf5 16. Qe1 a5 17. Nh4 Nxh4 18. Qxh4 Qc7 19. Qe1 Ne7 20. Bxa5 Qc6 21. Bxd8 Rxd8 22. Qh4 Rd7 23. Qf2 Nf5 24. Ng3 Nh6 25. h3 h4 26. Ne2 Nf5 27. c3 d4 28. cxd4 cxd4 29. Rac1 Qb6 30. Rg1 f6 31. exf6 Bxf6 32. Nc3 Kg7 33. Ne2 Re7 34. Bb3 Qd6 35. Rce1 e5 36. Rgf1 Ne3 37. Rg1 exf4 38. Qxf4 Be5 39. Qg5 Bh2 40. Nf4 Bxf4 0-1

[Event "Kampala Rwabushenyi Memorial"]
[Site "Kampala"]
[Date "2021.12.04"]
[Round "6"]
[White "Angolikin, Goretti"]
[Black "Muhebwa, Shafic"]
[Result "1/2-1/2"]
[WhiteElo "1633"]
[BlackElo "1528"]
[PlyCount "105"]
[EventDate "2021.12.02"]
[EventType "swiss"]
[EventRounds "8"]
[EventCountry "UGA"]
[SourceTitle "EXT 2023"]
[Source "ChessBase"]
[SourceDate "2022.10.05"]
[SourceVersion "1"]
[SourceVersionDate "2022.10.05"]
[SourceQuality "1"]

1. e4 e5 2. Nf3 Nf6 3. d3 Nc6 4. Be2 Bc5 5. 0-0 0-0 6. Nc3 d6 7. Bg5 Be6 8. Na4 Bb6 9. Nxb6 axb6 10. a3 h6 11. Bh4 g6 12. Qd2 Kg7 13. h3 Rh8 14. c3 Qd7 15. Bxf6+ Kxf6 16. d4 exd4 17. cxd4 d5 18. e5+ Kg7 19. Bb5 Qe7 20. Bxc6 bxc6 21. Rac1 c5 22. Qc3 c4 23. Nh2 c5 24. Kh1 Rhc8 25. f4 cxd4 26. Qxd4 Qc5 27. Qd1 Qb5 28. Qd4 Qc5 29. Qd2 d4 30. Nf3 d3 31. Nh4 Qd4 32. Nf3 Qc5 33. Nh4 Qd4 34. Nf3 Qe4 35. Rfe1 Qd5 36. Rf1 b5 37. Nh4 Bxh3 38. Rf3 Bg4 39. Rg3 h5 40. Re1 Re8 41. Rge3 Qd8 42. Nf3 Bxf3 43. Rxf3 Qd4 44. Ref1 b4 45. f5 c3 46. bxc3 bxc3 47. Qxd3 Qxd3 48. Rxd3 Rxa3 49. fxg6 fxg6 50. Rc1 Rxe5 51. Rdxc3 Rxc3 52. Rxc3 Kf6 53. Kh2 1/2-1/2

[Event "UGA-chT 2122"]
[Site "Kampala"]
[Date "2021.11.21"]
[Round "5.5"]
[White "Angolikin, Goretti"]
[Black "Nakanyike, Maria"]
[Result "1-0"]
[WhiteElo "1633"]
[BlackElo "1426"]
[PlyCount "83"]
[EventDate "2021.10.24"]
[EventType "team-swiss"]
[EventRounds "14"]
[EventCountry "UGA"]
[SourceTitle "EXT 2023"]
[Source "ChessBase"]
[SourceDate "2022.10.05"]
[SourceVersion "1"]
[SourceVersionDate "2022.10.05"]
[SourceQuality "1"]
[WhiteTeam "Mulago Kings"]
[BlackTeam "Crestals CC"]
[WhiteTeamCountry "UGA"]
[BlackTeamCountry "UGA"]

1. e4 e6 2. d4 d5 3. e5 c5 4. Nf3 Nc6 5. dxc5 Bxc5 6. Bd3 Nge7 7. 0-0 h6 8. a3 a6 9. Nc3 Qc7 10. Re1 Bd7 11. Rb1 Nd4 12. Bd2 Nec6 13. Bf4 0-0-0 14. Bg3 f6 15. Nxd4 Bxd4 16. exf6 Be5 17. Bxe5 Nxe5 18. fxg7 Rhg8 19. Qe2 Nxd3 20. cxd3 Rxg7 21. Qe5 Qxe5 22. Rxe5 Rf8 23. Rc1 Kd8 24. g3 Ke7 25. Rce1 Kd6 26. Rh5 Rf6 27. Kg2 Rf5 28. Rxf5 exf5 29. f4 Bc6 30. d4 Rf7 31. Re5 Rf6 32. Nd1 Re6 33. Ne3 Rxe5 34. fxe5+ Ke6 35. Kf3 Bb5 36. Kf4 Bd3 37. h3 b6 38. b3 b5 39. b4 Be4 40. g4 fxg4 41. Nxg4 Bf5 42. h4 1-0

[Event "UGA-chT 2122"]
[Site "Kampala"]
[Date "2021.11.14"]
[Round "4.5"]
[White "Namaganda, Christine"]
[Black "Angolikin, Goretti"]
[Result "1-0"]
[WhiteElo "1661"]
[BlackElo "1633"]
[PlyCount "67"]
[EventDate "2021.10.24"]
[EventType "team-swiss"]
[EventRounds "14"]
[EventCountry "UGA"]
[SourceTitle "EXT 2023"]
[Source "ChessBase"]
[SourceDate "2022.10.05"]
[SourceVersion "1"]
[SourceVersionDate "2022.10.05"]
[SourceQuality "1"]
[WhiteTeam "DMark CC"]
[BlackTeam "Mulago Kings"]
[WhiteTeamCountry "UGA"]
[BlackTeamCountry "UGA"]

1. d4 d5 2. Bf4 c5 3. c3 cxd4 4. Bxb8 Rxb8 5. Qa4+ Bd7 6. Qxd4 Bc6 7. e3 a6 8. Bd3 Nf6 9. Nf3 e6 10. Ne5 Rc8 11. Nd2 Bd6 12. Ndf3 0-0 13. 0-0 Nd7 14. Nxc6 Rxc6 15. Qg4 f5 16. Qa4 Nc5 17. Qc2 Nxd3 18. Qxd3 Rc5 19. b4 Rc4 20. h3 Qc7 21. Rfc1 Rc8 22. Nd4 Kf7 23. Ne2 Be5 24. Rc2 Rxb4 25. Rac1 Rc4 26. f4 Bf6 27. Kf2 b5 28. g4 g6 29. Kf3 Qb7 30. Kg3 Qc7 31. h4 b4 32. h5 gxh5 33. gxh5 Rg8+ 34. Kf3 1-0

[Event "Kampala Kireka op 4th"]
[Site "Kampala"]
[Date "2019.12.29"]
[Round "5"]
[White "Frobisha, Katula Paul"]
[Black "Angolikin, Goretti"]
[Result "0-1"]
[WhiteElo "1897"]
[BlackElo "1638"]
[PlyCount "96"]
[EventDate "2019.12.27"]
[EventType "swiss"]
[EventRounds "8"]
[EventCountry "UGA"]
[SourceTitle "EXT 2022"]
[Source "ChessBase"]
[SourceDate "2021.10.06"]
[SourceVersion "1"]
[SourceVersionDate "2021.10.06"]
[SourceQuality "1"]

1. e4 c6 2. d4 d5 3. Nc3 dxe4 4. Nxe4 Bf5 5. Nc5 Qc7 6. Nf3 Nd7 7. Nd3 e6 8. Be2 Bd6 9. 0-0 Ngf6 10. h3 h6 11. c4 c5 12. b3 0-0 13. Bb2 cxd4 14. Nxd4 Bh7 15. Nb5 Qb8 16. Qc1 Bh2+ 17. Kh1 a6 18. Nc3 Bc7 19. Qe3 Bb6 20. Qf3 Bd4 21. Rad1 Qc7 22. Rfe1 Rad8 23. Rc1 Ba7 24. Kg1 Bb8 25. g3 Ba7 26. Bf1 Bxd3 27. Qxd3 Ne5 28. Qe2 Nd3 29. Nd1 Nxe1 30. Qxe1 Qxg3+ 31. Bg2 Qg5 32. Rc2 Rd7 33. Nc3 Rfd8 34. Bc1 Qh5 35. Rd2 Rxd2 36. Bxd2 Qg6 37. Be3 Bxe3 38. Qxe3 Rd3 39. Qe5 Rxh3 40. Ne2 Qb1+ 41. Bf1 Rh5 42. Qb8+ Kh7 43. Qxb7 Rg5+ 44. Ng3 Ne4 45. Kg2 Nxg3 46. fxg3 Qxa2+ 47. Kh3 Qf2 48. Bd3+ f5 0-1

[Event "Kampala Lighthouse op"]
[Site "Kampala"]
[Date "2019.04.11"]
[Round "2.6"]
[White "Angolikin, Goretti"]
[Black "Kamoga, Rajab"]
[Result "0-1"]
[WhiteElo "1674"]
[BlackElo "2074"]
[PlyCount "36"]
[EventDate "2019.04.11"]
[EventType "swiss"]
[EventRounds "7"]
[EventCountry "UGA"]
[SourceTitle "EXT 2024"]
[Source "ChessBase"]
[SourceDate "2023.10.10"]
[SourceVersion "1"]
[SourceVersionDate "2023.10.10"]
[SourceQuality "1"]

1. e4 Nc6 2. d4 e5 3. d5 Nce7 4. f4 exf4 5. Bxf4 Ng6 6. Bg3 Nf6 7. Bd3 Bc5 8. Nf3 d6 9. Nbd2 0-0 10. Bf2 Bxf2+ 11. Kxf2 Ng4+ 12. Ke1 Re8 13. h3 Ne3 14. Qc1 Nxg2+ 15. Kf2 N2f4 16. Qf1 Qf6 17. c3 Nxd3+ 18. Qxd3 Ne5 0-1

[Event "UGA-chT"]
[Site "Kampala"]
[Date "2018.07.05"]
[Round "8.5"]
[White "Angolikin, Goretti"]
[Black "Nakanyike, Maria"]
[Result "1-0"]
[WhiteElo "1643"]
[BlackElo "1461"]
[PlyCount "27"]
[EventDate "2018.05.24"]
[EventType "team-swiss"]
[EventRounds "14"]
[EventCountry "UGA"]
[SourceTitle "CBM 187 Extra"]
[Source "ChessBase"]
[SourceDate "2018.11.04"]
[SourceVersion "1"]
[SourceVersionDate "2018.11.04"]
[SourceQuality "1"]
[WhiteTeam "Kireka CC"]
[BlackTeam "Decoda CC"]
[WhiteTeamCountry "UGA"]
[BlackTeamCountry "UGA"]

1. e4 e5 2. Nf3 Nc6 3. Bc4 Bc5 4. c3 Bb6 5. d4 d6 6. dxe5 dxe5 7. Qxd8+ Nxd8 8. Nxe5 Nf6 9. Bd3 0-0 10. Nc4 Re8 11. Nxb6 cxb6 12. f3 Nc6 13. 0-0 Bd7 14. Bg5 1-0

[Event "UGA Oly qual (Women)"]
[Site "Kampala"]
[Date "2018.06.18"]
[Round "10"]
[White "Angolikin, Goretti"]
[Black "Nakanyike, Maria"]
[Result "1-0"]
[WhiteElo "1701"]
[BlackElo "1461"]
[PlyCount "79"]
[EventDate "2018.06.09"]
[EventType "tourn"]
[EventRounds "13"]
[EventCountry "UGA"]
[SourceTitle "CBM 187 Extra"]
[Source "ChessBase"]
[SourceDate "2018.11.04"]
[SourceVersion "1"]
[SourceVersionDate "2018.11.04"]
[SourceQuality "1"]

1. e4 e5 2. Nf3 Nc6 3. Bc4 Bc5 4. c3 h6 5. 0-0 Nf6 6. d4 Bd6 7. d5 Ne7 8. Bd3 0-0 9. c4 Ng6 10. Nc3 Bc5 11. a3 a5 12. Qe1 d6 13. h3 Bd7 14. Be3 Ba7 15. Bxa7 Rxa7 16. Nh2 Ra8 17. Ne2 c6 18. f4 cxd5 19. cxd5 Rb8 20. f5 Ne7 21. Rb1 Qb6+ 22. Kh1 Bb5 23. Bxb5 Qxb5 24. Nc3 Qa6 25. Qh4 Qc4 26. Ng4 Nxg4 27. Qxg4 f6 28. Ne2 Qc8 29. Ng3 Qe8 30. Nh5 Qf7 31. Rf3 Kh7 32. Ng3 Nc8 33. Rc1 Nb6 34. Rfc3 Rg8 35. Rc7 Qf8 36. Qg6+ Kh8 37. Rf7 Qe8 38. Rcc7 Rd8 39. Qxh6+ gxh6 40. Rh7# 1-0

[Event "UGA Oly qual (Women)"]
[Site "Kampala"]
[Date "2018.06.11"]
[Round "3"]
[White "Ampaire, Shakira"]
[Black "Angolikin, Goretti"]
[Result "0-1"]
[WhiteElo "1512"]
[BlackElo "1701"]
[PlyCount "30"]
[EventDate "2018.06.09"]
[EventType "tourn"]
[EventRounds "13"]
[EventCountry "UGA"]
[SourceTitle "CBM 187 Extra"]
[Source "ChessBase"]
[SourceDate "2018.11.04"]
[SourceVersion "1"]
[SourceVersionDate "2018.11.04"]
[SourceQuality "1"]

1. d4 d5 2. Nf3 Nf6 3. g3 Bg4 4. Bg2 e6 5. 0-0 Bd6 6. Bg5 h6 7. Be3 Nbd7 8. Nbd2 c6 9. c4 0-0 10. Rc1 b6 11. Qb3 Rb8 12. c5 Bc7 13. Bf4 Bxf4 14. gxf4 Nh5 15. Qe3 Qf6 0-1

[Event "Africa-ch (Women)"]
[Site "Livingstone"]
[Date "2018.05.20"]
[Round "9"]
[White "Angolikin, Goretti"]
[Black "Nkhoma, Desiderata"]
[Result "1/2-1/2"]
[WhiteElo "1701"]
[BlackElo "1481"]
[PlyCount "60"]
[EventDate "2018.05.13"]
[EventType "swiss"]
[EventRounds "9"]
[EventCountry "ZAM"]
[SourceTitle "CBM 184 Extra"]
[Source "ChessBase"]
[SourceDate "2018.06.28"]
[SourceVersion "1"]
[SourceVersionDate "2018.06.28"]
[SourceQuality "1"]

1. e4 e5 2. Nf3 Nc6 3. Bc4 Bc5 4. c3 Nf6 5. d4 exd4 6. e5 Ng4 7. Bxf7+ Kf8 8. cxd4 Bb4+ 9. Nc3 h6 10. Bb3 h5 11. 0-0 Ne7 12. h3 Nh6 13. Ng5 Nef5 14. Nd5 Be7 15. Nxe7 Qxe7 16. a3 c6 17. Re1 d5 18. exd6 Qxd6 19. Be3 Bd7 20. Qf3 Be8 21. Bc1 Bg6 22. Ne6+ Kg8 23. Qf4 Qxf4 24. Nxf4+ Bf7 25. Bxf7+ Kxf7 26. Nd3 Rad8 27. Bxh6 Nxh6 28. Ne5+ Kf6 29. Nf3 Nf5 30. Rad1 g6 1/2-1/2

[Event "Africa-ch (Women)"]
[Site "Livingstone"]
[Date "2018.05.15"]
[Round "4"]
[White "Angolikin, Goretti"]
[Black "Botlhole, Kgalalelo"]
[Result "1/2-1/2"]
[WhiteElo "1701"]
[BlackElo "1728"]
[PlyCount "86"]
[EventDate "2018.05.13"]
[EventType "swiss"]
[EventRounds "9"]
[EventCountry "ZAM"]
[SourceTitle "CBM 184 Extra"]
[Source "ChessBase"]
[SourceDate "2018.06.28"]
[SourceVersion "1"]
[SourceVersionDate "2018.06.28"]
[SourceQuality "1"]

1. e4 e5 2. Nf3 Nc6 3. Bc4 Bc5 4. c3 Nf6 5. d4 exd4 6. e5 d5 7. Bb5 Ne4 8. Bxc6+ bxc6 9. Nxd4 0-0 10. 0-0 Bd7 11. Be3 Bb6 12. Nd2 Nxd2 13. Qxd2 Qe7 14. f4 c5 15. Nf3 c6 16. Kh1 Bf5 17. Qf2 Rab8 18. Nd2 Rfd8 19. Nb3 Bd3 20. Rfe1 c4 21. Bxb6 Rxb6 22. Nc5 Bf5 23. b3 cxb3 24. axb3 Rb5 25. b4 h5 26. Nb3 Rb6 27. Ra5 Rb7 28. Rea1 Ra8 29. Nd4 Bd7 30. Rc5 Rc8 31. Qe2 Qh4 32. Qe3 Qg4 33. h3 Qh4 34. Nf3 Qg3 35. Rca5 Bf5 36. Rxa7 Rxa7 37. Rxa7 Be4 38. Qe1 Qxf4 39. Qe2 Re8 40. Rc7 Bxf3 41. Qxf3 Qxf3 42. gxf3 Re6 43. Kg2 Kh7 1/2-1/2

[Event "Kampala Kawuma op"]
[Site "Kampala"]
[Date "2018.03.11"]
[Round "8"]
[White "Kato, Richard"]
[Black "Angolikin, Goretti"]
[Result "0-1"]
[WhiteElo "2037"]
[BlackElo "1669"]
[PlyCount "23"]
[EventDate "2018.03.08"]
[EventType "swiss"]
[EventRounds "8"]
[EventCountry "UGA"]
[SourceTitle "EXT 2019"]
[Source "ChessBase"]
[SourceDate "2018.10.10"]
[SourceVersion "1"]
[SourceVersionDate "2018.10.10"]
[SourceQuality "1"]

1. g3 e5 2. Bg2 d5 3. b3 c6 4. Bb2 Bd6 5. d3 f5 6. Nd2 Nf6 7. c4 d4 8. Qc2 0-0 9. f3 Be6 10. Nh3 Nbd7 11. Ng5 Qe7 12. 0-0-0 0-1

[Event "Kampala Kawuma op"]
[Site "Kampala"]
[Date "2018.03.10"]
[Round "5"]
[White "Waira, Ibrahim"]
[Black "Angolikin, Goretti"]
[Result "1-0"]
[WhiteElo "1850"]
[BlackElo "1669"]
[PlyCount "41"]
[EventDate "2018.03.08"]
[EventType "swiss"]
[EventRounds "8"]
[EventCountry "UGA"]
[SourceTitle "EXT 2019"]
[Source "ChessBase"]
[SourceDate "2018.10.10"]
[SourceVersion "1"]
[SourceVersionDate "2018.10.10"]
[SourceQuality "1"]

1. e4 c6 2. d4 d5 3. e5 Bf5 4. Nc3 e6 5. g4 Bg6 6. Nge2 f6 7. h4 fxe5 8. dxe5 Nd7 9. h5 Nxe5 10. Rh3 Bf7 11. Qd4 Qc7 12. Bf4 Bd6 13. Re3 Nc4 14. Bxd6 Qxd6 15. Qxg7 Nxe3 16. fxe3 Qb4 17. 0-0-0 0-0-0 18. Qxh8 Qxg4 19. Qe5 Bxh5 20. Nf4 Qf5 21. Qxf5 1-0

[Event "Kampala Kawuma op"]
[Site "Kampala"]
[Date "2018.03.09"]
[Round "4"]
[White "Angolikin, Goretti"]
[Black "Akabo, Mike"]
[Result "1/2-1/2"]
[WhiteElo "1669"]
[BlackElo "1847"]
[PlyCount "55"]
[EventDate "2018.03.08"]
[EventType "swiss"]
[EventRounds "8"]
[EventCountry "UGA"]
[SourceTitle "EXT 2019"]
[Source "ChessBase"]
[SourceDate "2018.10.10"]
[SourceVersion "1"]
[SourceVersionDate "2018.10.10"]
[SourceQuality "1"]

1. e4 Nf6 2. Nc3 e6 3. a3 d5 4. e5 Nfd7 5. d4 c5 6. Nf3 Nc6 7. dxc5 Bxc5 8. b4 Be7 9. Bf4 b6 10. Bd3 Bb7 11. 0-0 Rc8 12. Qe1 a6 13. Ne2 b5 14. Ned4 Nxd4 15. Nxd4 Nb6 16. Bg3 Nc4 17. f4 g6 18. Kh1 h5 19. h3 h4 20. Bh2 Nb2 21. Qe2 Nxd3 22. Qxd3 Rc4 23. c3 Rg8 24. Rac1 Qd7 25. Ra1 Qc8 26. Rac1 Bd8 27. Rf2 Bb6 28. Rfc2 1/2-1/2

[Event "Kireka op"]
[Site "Kireka"]
[Date "2017.12.30"]
[Round "6"]
[White "Angolikin, Goretti"]
[Black "Katairo, Thomas"]
[Result "1/2-1/2"]
[WhiteElo "1638"]
[BlackElo "2003"]
[PlyCount "31"]
[EventDate "2017.12.28"]
[EventType "swiss"]
[EventRounds "8"]
[EventCountry "UGA"]
[SourceTitle "EXT 2019"]
[Source "ChessBase"]
[SourceDate "2018.10.10"]
[SourceVersion "1"]
[SourceVersionDate "2018.10.10"]
[SourceQuality "1"]

1. e4 c6 2. d4 d5 3. e5 Bf5 4. Bd3 Bxd3 5. Qxd3 e6 6. Ne2 Ne7 7. 0-0 c5 8. c3 Nd7 9. f4 Nf5 10. Ng3 g6 11. Nxf5 gxf5 12. Be3 c4 13. Qd1 h5 14. b3 Rc8 15. b4 Be7 16. Nd2 1/2-1/2

[Event "Kireka op"]
[Site "Kireka"]
[Date "2017.12.28"]
[Round "2"]
[White "Angolikin, Goretti"]
[Black "Kamoga, Rajab"]
[Result "1/2-1/2"]
[WhiteElo "1638"]
[BlackElo "2088"]
[PlyCount "46"]
[EventDate "2017.12.28"]
[EventType "swiss"]
[EventRounds "8"]
[EventCountry "UGA"]
[SourceTitle "EXT 2019"]
[Source "ChessBase"]
[SourceDate "2018.10.10"]
[SourceVersion "1"]
[SourceVersionDate "2018.10.10"]
[SourceQuality "1"]

1. e4 Nf6 2. e5 Nd5 3. d4 d6 4. f4 Bf5 5. Nf3 e6 6. Bd3 Bxd3 7. Qxd3 Nc6 8. 0-0 g6 9. c4 Ndb4 10. Qc3 dxe5 11. fxe5 Bg7 12. a3 Na6 13. b4 Nxd4 14. Qxd4 Qxd4+ 15. Nxd4 Bxe5 16. Be3 0-0-0 17. Rd1 Rd7 18. Ra2 Rhd8 19. Rad2 c6 20. Nf3 Rxd2 21. Rxd2 Rxd2 22. Bxd2 Bb2 23. Bc3 Bc1 1/2-1/2

[Event "Kampala Rwabushenyi Memorial"]
[Site "Kampala"]
[Date "2017.12.03"]
[Round "7"]
[White "Solomon Lwanga, Lubega"]
[Black "Angolikin, Goretti"]
[Result "1-0"]
[WhiteElo "1893"]
[BlackElo "1619"]
[PlyCount "77"]
[EventDate "2017.11.30"]
[EventType "swiss"]
[EventRounds "8"]
[EventCountry "UGA"]
[SourceTitle "EXT 2019"]
[Source "ChessBase"]
[SourceDate "2018.10.10"]
[SourceVersion "1"]
[SourceVersionDate "2018.10.10"]
[SourceQuality "1"]

1. d4 d5 2. c4 Nf6 3. Nc3 e6 4. Bg5 Be7 5. e3 0-0 6. Nf3 b6 7. Be2 Bb7 8. cxd5 Nxd5 9. Bxe7 Qxe7 10. 0-0 Nxc3 11. bxc3 Nd7 12. Bd3 Rac8 13. e4 c5 14. a4 cxd4 15. cxd4 Nf6 16. Qe2 Rc3 17. a5 b5 18. a6 Ba8 19. Rfc1 Rfc8 20. Rxc3 Rxc3 21. Qd2 b4 22. e5 Nd5 23. h4 h6 24. Be4 Qc7 25. g4 Nb6 26. Bxa8 Nxa8 27. Qf4 b3 28. Rb1 Qc6 29. Ne1 Qxa6 30. Qe4 Nb6 31. g5 hxg5 32. hxg5 g6 33. Kg2 Qc8 34. Nf3 a5 35. Qh4 Qf8 36. Nd2 a4 37. Ne4 Qg7 38. Nxc3 Nc4 39. Nxa4 1-0

[Event "Kampala Rwabushenyi Memorial"]
[Site "Kampala"]
[Date "2017.12.02"]
[Round "5"]
[White "Wadada, Gerald"]
[Black "Angolikin, Goretti"]
[Result "0-1"]
[WhiteElo "1863"]
[BlackElo "1619"]
[PlyCount "62"]
[EventDate "2017.11.30"]
[EventType "swiss"]
[EventRounds "8"]
[EventCountry "UGA"]
[SourceTitle "EXT 2019"]
[Source "ChessBase"]
[SourceDate "2018.10.10"]
[SourceVersion "1"]
[SourceVersionDate "2018.10.10"]
[SourceQuality "1"]

1. e4 c6 2. d4 d5 3. Nd2 dxe4 4. Nxe4 Bf5 5. Ng3 Bg6 6. c3 e6 7. Nf3 Bd6 8. Bc4 Ne7 9. 0-0 0-0 10. Re1 h6 11. Ne5 Bxe5 12. Rxe5 Nd7 13. Re3 Nb6 14. Bb3 Nbd5 15. Rf3 Nf5 16. Bc2 Nh4 17. Bxg6 Nxf3+ 18. Qxf3 fxg6 19. Qg4 Qf6 20. Ne4 Qf5 21. Qe2 Nf4 22. Bxf4 Qxf4 23. f3 e5 24. Rf1 exd4 25. Qc4+ Kh7 26. cxd4 Qe3+ 27. Nf2 Rad8 28. Qb4 Rf7 29. Rd1 Rfd7 30. h4 Rxd4 31. Rxd4 Rxd4 0-1